The legend of Job in the Middle Ages /

Bibliographic Details
Main Author: Besserman, Lawrence L., 1945-
Format: Book
Language:English
Published: Cambridge, Mass. : Harvard University Press, 1979.
Subjects:

MARC

Tag First Indicator Second Indicator Subfields
LEADER 00000pam a2200000 i 4500
001 in00000068801
005 20151008050839.0
008 780711s1979 maua b 00110 eng
010 |a  78014936  
020 |a 0674523857 
035 |a (OCoLC)04114673 
035 |9 AAG3784AM 
040 |a DLC  |c DLC  |d TXA  |d UtOrBLW 
049 |a TXAM  |c [981063] 
050 0 0 |a PN687.J62  |b B47 
082 0 |a 809/.351 
100 1 |a Besserman, Lawrence L.,  |d 1945- 
245 1 4 |a The legend of Job in the Middle Ages /  |c Lawrence L. Besserman. 
264 1 |a Cambridge, Mass. :  |b Harvard University Press,  |c 1979. 
300 |a xii, 177 pages :  |b illustrations ;  |c 24 cm. 
336 |a text  |b txt  |2 rdacontent 
337 |a unmediated  |b n  |2 rdamedia 
338 |a volume  |b nc  |2 rdacarrier 
500 |a Includes index. 
504 |a Bibliography: pages 137-155. 
600 0 0 |a Job  |c (Biblical figure)  |x Legends  |x History and criticism. 
999 |a MARS 
999 f f |s 6670ba1d-14ad-3369-a679-6ed87a54424c  |i 58d20d35-ec72-356b-89e5-3c72e879cc88  |t 0 
952 f f |p ric  |a Texas A&M University  |b Rellis Campus  |c Joint Library Facility  |d Remote Storage  |t 0  |e PN687.J62 B47  |h Library of Congress classification  |i unmediated -- volume  |m A14803670623 
998 f f |a PN687.J62 B47  |t 0  |l Remote Storage